LEADER 01163nam0 22003011i 450 001 UON00068304 005 20231205102339.917 011 $a0378-4797 100 $a20020107d1981 |0itac50 ba 101 $aeng 102 $aGB 105 $a||||c ||||| 200 1 $aAfrica index to continental periodical literature. Number 3 (covering 1978) 1980$fEdited by Colin Darch & O.C. Mascarenhas 210 $aOxford$cHans Zell$d1981 215 $a191 p.$d21 cm 316 $aloc. in sala di lettura$5IT-UONSI GEN AfrIB/002 606 $aAFRICA$xBibliografia$xPeriodici$3UONC018373$2FI 620 $aGB$dOxford$3UONL000029 676 $a011.34$cBIBLIOGRAFIE DI PERIODICI$v21 702 1$aDARCH$bColin$3UONV042254 702 1$aMASCARENHAS$bO. C.$3UONV042255 712 $aZell$3UONV256694$4650 801 $aIT$bSOL$c20240220$gRICA 899 $aSIBA - SISTEMA BIBLIOTECARIO DI ATENEO$2UONSI 912 $aUON00068304 950 $aSIBA - SISTEMA BIBLIOTECARIO DI ATENEO$dSI GEN Afr I B 002 $eSI AA 5649 7 002 loc. in sala di lettura 996 $aAfrica$9156039 997 $aUNIOR LEADER 02982oam 2200649 a 450 001 9910310642103321 005 20250709210019.0 010 $a9791035102616 024 7 $a10.4000/books.psorbonne.18128 035 $a(CKB)4100000007656884 035 $a(FrMaCLE)OB-psorbonne-18128 035 $a(oapen)https://directory.doabooks.org/handle/20.500.12854/57633 035 $a(PPN)267969376 035 $a(FR-PaCSA)88924625 035 $a(FRCYB88924625)88924625 035 $a(oapen)doab57633 035 $a(EXLCZ)994100000007656884 100 $a20190218j|||||||| ||| 0 101 0 $afre 135 $auu||||||m|||| 181 $ctxt$2rdacontent 182 $cc$2rdamedia 183 $acr$2rdacarrier 200 13$aLe rationalisme de Pascal /$fTamás Pavlovits 210 $aParis $cÉditions de la Sorbonne$d2019 215 $a1 online resource (296 p.) 311 1 $a9782859445836 311 1 $a2859445838 330 $aLa valeur de la raison dans la pensée de Pascal est loin d?être évidente. Alors que les écrits scientifiques témoignent d?une rigueur rationnelle remarquable et vont parfois jusqu?à défendre la raison humaine, dans les écrits apologétiques, on observe un changement de style et l?apparition d?une certaine critique de la raison. Comment définir le statut de la raison humaine dans l?ensemble de l??uvre de Pascal ? Y a-t-il une rupture entre les ?uvres scientifiques et apologétiques, une rupture qui s?exprimerait par la critique de la raison que Pascal exerce dans les Pensées? Ou s?agit-il plutôt d?une redéfinition de l'usage de la raison et de l?élaboration d?une nouvelle rationalité non géométrique et non cartésienne dans les écrits apologétiques ? Cet ouvrage retrace l?itinéraire de la raison, des connaissances naturelles aux connaissances surnaturelles, des mathématiques et de la science de la nature à la théologie et à l'apologétique. Les analyses mettent en lumière la force de la raison chez Pascal, force qui provient de la connaissance claire et humble de ses propres limites et qui prend sa source dans une lumière surnaturelle et la certitude du c?ur. 606 $aPhilosophy 606 $aMedieval & Renaissance Studies 606 $araison 606 $ascience 606 $athéologie 606 $acoeur 606 $aapologétique 606 $amétaphysique 610 $acoeur 610 $aapologétique 610 $ascience 610 $araison 610 $amétaphysique 610 $athéologie 615 4$aPhilosophy 615 4$aMedieval & Renaissance Studies 615 4$araison 615 4$ascience 615 4$athéologie 615 4$acoeur 615 4$aapologétique 615 4$amétaphysique 700 $aPavlovits$b Tamás$01297414 801 0$bFR-FrMaCLE 906 $aBOOK 912 $a9910310642103321 996 $aLe rationalisme de Pascal$93360219 997 $aUNINA